বঙ্গানুবাদ ও ব্যাখ্যাসহ মেশকাত শরীফ / (Record no. 44280)
[ view plain ]
| 000 -LEADER | |
|---|---|
| fixed length control field | 01480nam a2200313 4500 |
| 001 - CONTROL NUMBER | |
| control field | 44280 |
| 003 - CONTROL NUMBER IDENTIFIER | |
| rucl marc code | BD-RjUL |
| 005 - DATE AND TIME OF LATEST TRANSACTION | |
| control field | 20211209053829.0 |
| 008 - FIXED-LENGTH DATA ELEMENTS--GENERAL INFORMATION | |
| fixed length control field | 160716m20011976bg ||||| |||| 00| 0 ben d |
| 020 ## - INTERNATIONAL STANDARD BOOK NUMBER | |
| Terms of availability | : TK 20.66. (V-1: 4th Printing, 1978) |
| Terms of availability | : TK 54.50 (V-2: 3rd printing, 1979) |
| Terms of availability | : TK 42.00 (V-3: 2nd printing, 1976) |
| Terms of availability | : TK 44.00 (V-4: 2nd printing, 1977) |
| Terms of availability | : TK 44.00 (V-5: 1st printing, 1979) |
| Terms of availability | : TK 46.00 (V-6: 1st printing, 1980) |
| 035 ## - SYSTEM CONTROL NUMBER | |
| System control number | (BD-RjUL)44398 |
| 040 ## - CATALOGING SOURCE | |
| Original cataloging agency | BD-RjUL |
| Language of cataloging | ben |
| Transcribing agency | BD-RjUL |
| 041 ## - LANGUAGE CODE | |
| Language code of text/sound track or separate title | ben |
| 082 ## - DEWEY DECIMAL CLASSIFICATION NUMBER | |
| Edition number | 23 |
| Classification number | 297.12516 |
| Author mark and year | AJB V-1-6 1976-1980 |
| 100 1# - MAIN ENTRY--PERSONAL NAME | |
| Personal name | আ'জমী, নূর মোহাম্মদ |
| 9 (RLIN) | 135947 |
| 245 10 - TITLE STATEMENT | |
| Title | বঙ্গানুবাদ ও ব্যাখ্যাসহ মেশকাত শরীফ / |
| Statement of responsibility, etc. | নূর মোহাম্মদ আ'জমী |
| 246 ## - VARYING FORM OF TITLE | |
| Title proper/short title | মেশকাত শরীফ |
| 260 ## - PUBLICATION, DISTRIBUTION, ETC. (IMPRINT) | |
| Place of publication, distribution, etc. | ঢাকা : |
| Name of publisher, distributor, etc. | এমদাদিয়া লাইব্রেরী, |
| Date of publication, distribution, etc. | ১৯৭৬-১৯৮০ [১ম-৪র্থ মুদ্রণ] |
| 300 ## - PHYSICAL DESCRIPTION | |
| Pagination | খণ্ড ; |
| Size | ২২ সেমি. |
| 505 0# - FORMATTED CONTENTS NOTE | |
| Formatted contents note | খণ্ড ১ -- খণ্ড ২ --খণ্ড ৩ -- খণ্ড ৪ -- খণ্ড ৫ -- খণ্ড ৬ -- |
| 650 ## - SUBJECT ADDED ENTRY--TOPICAL TERM | |
| Topical term or geographic name as entry element | হাদীস |
| General subdivision | বঙ্গানুবাদ ও ব্যাখ্যা |
| 9 (RLIN) | 237234 |
| Topical term or geographic name as entry element | Hadith |
| General subdivision | Bengali Translation and Interpretation |
| 9 (RLIN) | 237235 |
| 942 ## - ADDED ENTRY ELEMENTS (KOHA) | |
| Source of classification or shelving scheme | Dewey Decimal Classification |
| Koha item type | Books |
| Lost status | Source of classification or shelving scheme | Damaged status | Not for loan | Collection code | Permanent Location | Current Location | Shelving location | Date acquired | Source of acquisition | Cost, normal purchase price | Total Checkouts | Full call number | Date last seen | Copy number | Koha item type |
|---|---|---|---|---|---|---|---|---|---|---|---|---|---|---|---|
| Dewey Decimal Classification | Non-fiction | Central Library, University of Rajshahi | Central Library, University of Rajshahi | 22/06/1982 | Aligarh Library, Rajshahi | 54.00 | B 297.12516 AJB V-2 1979 | 16/07/2016 | C-1 | Books | |||||
| Dewey Decimal Classification | Not For Loan | Non-fiction | Central Library, University of Rajshahi | Central Library, University of Rajshahi | Reading Room | 22/06/1982 | Aligarh Library, Rajshahi | 48.00 | B 297.12516 AJB V-5 1979 | 08/08/2016 | C-1 | Books | |||
| Dewey Decimal Classification | Non-fiction | Central Library, University of Rajshahi | Central Library, University of Rajshahi | 22/06/1982 | Aligarh Library, Rajshahi | 42.00 | B 297.12516 AJB V-3 1976 | 08/08/2016 | C-1 | Books | |||||
| Dewey Decimal Classification | Not For Loan | Non-fiction | Central Library, University of Rajshahi | Central Library, University of Rajshahi | Reading Room | 22/06/1968 | Aligarh Library, Rajshahi | 44.00 | B 297.12516 AJB V-4 1977 | 04/12/2016 | C-1 | Books | |||
| Dewey Decimal Classification | Not For Loan | Non-fiction | Central Library, University of Rajshahi | Central Library, University of Rajshahi | Reading Room | 22/06/1982 | Aligarh Library, Rajshahi | 46.00 | B 297.12516 AJB V-6 1980 | 04/12/2016 | C-1 | Books | |||
| Dewey Decimal Classification | Not For Loan | Non-fiction | Central Library, University of Rajshahi | Central Library, University of Rajshahi | Reading Room | 22/06/1982 | Aligarh Library, Rajshahi | 27.50 | B 297.12516 AJB 1978 | 31/12/2019 | C-1 | Books |